zpět

Detail výsledku týmu

Na Pražci, Blansko

Datum a čas kvízu

20 Celkem bodů Celkový počet nahraných bodů na tomto kvízu bez doplňovacích otázek.
12. Pořadí na kvízu Konečné umístění týmu na tomto kvízu.

Zaznamenané odpovědi

# Otázka Odpověď Body Výsledky
1. Jak se jmenuje první dítě roku... 0
2. Neznámi hackeři ukradli osobní... 1
3. K Nejvyššímu soudu nastoupilo... 0
4. Zákazníci v jedné evropské zem... 0
5. Hokejisté hostujícího týmu vyh... 0
6. Věříme tomu, že nemálo z Vás v... 0
7. Poznáte podle fotky toto šumav... 0
8. Ve kterém městě najdeme toto k... 0
9. Ve spolkové zemi Salcbursko se... 1
10. Která dvě česká slova jsou nap... 0